[Event "Rated Blitz game"]
[Site "?"]
[Date "2021.06.18"]
[Round "?"]
[White "prof28"]
[Black "batasjon"]
[Result "1-0"]
[WhiteElo "2440"]
[BlackElo "2395"]
[PlyCount "63"]
[EventDate "2021.??.??"]
[EventType "blitz"]

1. e4 e5 2. Nf3 d5 3. d3 dxe4 4. dxe4 Qxd1+ 5. Kxd1 Nf6 6. Nbd2 Ng4 7. Ke1 Bc5
8. Bb5+ c6 9. Bc4 Bxf2+ 10. Ke2 Bb6 11. a4 f6 12. a5 Bc7 13. h3 Nh6 14. Nb3 Nd7
15. Bxh6 gxh6 16. Nh4 Nf8 17. Rhf1 Ke7 18. Nc5 Bd6 19. Nd3 Ng6 20. Nf5+ Bxf5
21. Rxf5 b5 22. axb6 axb6 23. Raf1 Rhf8 24. g3 b5 25. Bb3 c5 26. Bd5 Ra6 27. c4
b4 28. Rh5 Kd8 29. Rxh6 Ne7 30. Rfxf6 Rxf6 31. Rxf6 Bb8 32. Rxa6 {Normal} 1-0

[Event "Rated Blitz game"]
[Site "?"]
[Date "2021.06.18"]
[Round "?"]
[White "petergo"]
[Black "annaly1979"]
[Result "0-1"]
[WhiteElo "2482"]
[BlackElo "2443"]
[PlyCount "40"]
[EventDate "2021.??.??"]
[EventType "blitz"]

1. e4 e5 2. Nf3 d5 3. Nxe5 Qe7 4. d4 f6 5. Nf3 dxe4 6. Nfd2 f5 7. Be2 Nf6 8.
O-O Nc6 9. f3 Nxd4 10. fxe4 Nxe2+ 11. Qxe2 fxe4 12. Nc3 Bd7 13. Ndxe4 O-O-O 14.
Nxf6 gxf6 15. Qxe7 Bxe7 16. Be3 Bc6 17. Rae1 Rhg8 18. g3 Rde8 19. Bd4 h5 20.
Bxf6 Bc5+ {Normal} 0-1

[Event "Rated Blitz game"]
[Site "?"]
[Date "2021.06.18"]
[Round "?"]
[White "historicodeatleta"]
[Black "ahoramahora"]
[Result "1-0"]
[WhiteElo "2442"]
[BlackElo "2420"]
[PlyCount "111"]
[EventDate "2021.??.??"]
[EventType "blitz"]

1. e4 e5 2. Nf3 d5 3. Nxe5 Bd6 4. d4 dxe4 5. Nc4 Nf6 6. Ne3 O-O 7. c4 Nc6 8.
Nc3 Re8 9. Be2 a6 10. h3 h6 11. O-O Nxd4 12. b3 Be5 13. Bb2 c6 14. Re1 Nxe2+
15. Qxe2 Qd3 16. Qxd3 exd3 17. Rad1 Rd8 18. Na4 Bxb2 19. Nxb2 d2 20. Re2 Ne4
21. f3 Nc3 22. Rexd2 Rxd2 23. Rxd2 Be6 24. a3 Nb1 25. Rd1 Nc3 26. Rd3 Ne2+ 27.
Kf2 Nf4 28. Rd2 Kf8 29. h4 Ke7 30. g3 Ng6 31. f4 Nf8 32. f5 Bd7 33. Nbd1 Re8
34. Nc3 Bc8 35. Kf3 Nd7 36. Kf4 Nf6 37. g4 Rd8 38. Rxd8 Kxd8 39. g5 hxg5+ 40.
hxg5 Nd7 41. Ne4 Ke7 42. Nc2 f6 43. g6 Ne5 44. Nd4 Nd3+ 45. Ke3 Nc1 46. Kd2 Na2
47. Kc2 b6 48. Kb2 c5 49. Ne2 Bxf5 50. N4g3 Bxg6 51. Kxa2 Ke6 52. Kb2 Ke5 53.
Kc3 f5 54. Kd2 f4 55. Nf1 Be4 56. Nc3 {Time forfeit} 1-0

[Event "Rated Blitz game"]
[Site "?"]
[Date "2021.06.18"]
[Round "?"]
[White "imdejong"]
[Black "artsportscience"]
[Result "0-1"]
[WhiteElo "2494"]
[BlackElo "2366"]
[PlyCount "78"]
[EventDate "2021.??.??"]
[EventType "blitz"]

1. e4 e5 2. Nf3 d5 3. exd5 e4 4. Qe2 Nf6 5. Nc3 Be7 6. Nxe4 O-O 7. d3 Nxd5 8.
Qd1 Re8 9. Be2 f5 10. Ng3 Bb4+ 11. c3 Nxc3 12. bxc3 Bxc3+ 13. Bd2 Bxa1 14. Qxa1
Qxd3 15. Ne5 Qc2 16. Bc3 f4 17. Bc4+ Kh8 18. Ne2 Rxe5 19. Bxe5 Qxc4 20. Bxg7+
Kg8 21. O-O Bf5 22. Bh6 Qf7 23. Nxf4 Nc6 24. Re1 Rd8 25. Nh5 Qg6 26. Nf6+ Kf7
27. Qc1 Kxf6 28. h4 Kf7 29. Bg5 Re8 30. Qc4+ Be6 31. Qf4+ Qf5 32. Qxc7+ Kg6 33.
Qxb7 Ne5 34. Qxa7 Bd5 35. Qb6+ Re6 36. Qb4 Qg4 37. f3 Qxb4 38. Rxe5 Rxe5 39.
Kh2 Re2 {Normal} 0-1

[Event "Rated Blitz tournament JDVmj6zK"]
[Site "?"]
[Date "2021.06.18"]
[Round "?"]
[White "Ward-Tsh"]
[Black "Secret2700"]
[Result "0-1"]
[WhiteElo "2458"]
[BlackElo "2465"]
[PlyCount "96"]
[EventDate "2021.??.??"]
[EventType "blitz"]

1. e4 e5 2. Nf3 d5 3. Nc3 dxe4 4. Nxe4 f5 5. Ng3 e4 6. Ne5 Nf6 7. Bc4 Qd4 8.
Bf7+ Kd8 9. f4 Bc5 10. Qe2 Nc6 11. b4 Qxa1 12. bxc5 Qxc1+ 13. Kf2 Qb2 14. Bb3
Qd4+ 15. Ke1 Nxe5 16. fxe5 Ng4 17. c3 Qd3 18. e6 Qxe2+ 19. Kxe2 Ke7 20. Nxf5+
Kf6 21. Nd4 Rf8 22. h3 Ne5 23. Rf1+ Ke7 24. Nf5+ Rxf5 25. Rxf5 Nd3 26. Rf7+ Ke8
27. Rxg7 Nxc5 28. Rg8+ Ke7 29. Rg7+ Kd6 30. e7 Bd7 31. Rxh7 Nxb3 32. axb3 Re8
33. Ke3 Rxe7 34. Rxe7 Kxe7 35. Kxe4 Bc6+ 36. Ke5 Bxg2 37. h4 Bc6 38. b4 Be8 39.
d4 b6 40. d5 a5 41. bxa5 bxa5 42. Kd4 a4 43. c4 Kf6 44. Kc3 Ke5 45. Kb4 Kd4 46.
h5 Bxh5 47. Kxa4 Kxc4 48. Ka5 Kxd5 {Normal} 0-1

[Event "Rated Blitz tournament JDVmj6zK"]
[Site "?"]
[Date "2021.06.18"]
[Round "?"]
[White "Saparmyrat"]
[Black "Secret2700"]
[Result "0-1"]
[WhiteElo "2611"]
[BlackElo "2442"]
[PlyCount "100"]
[EventDate "2021.??.??"]
[EventType "blitz"]

1. e4 e5 2. Nf3 d5 3. Nxe5 Bd6 4. d4 dxe4 5. Nc4 Nf6 6. Nc3 O-O 7. Bg5 Re8 8.
Qd2 Nc6 9. O-O-O h6 10. Bh4 Bf5 11. Kb1 a6 12. d5 Ne5 13. Nxd6 Qxd6 14. Be2 b5
15. h3 Rad8 16. g4 Bg6 17. g5 hxg5 18. Bxg5 Nf3 19. Bxf3 exf3 20. Qd4 b4 21.
Bxf6 gxf6 22. Na4 Re4 23. Qa7 Re2 24. Rc1 Qxd5 25. Qxc7 Rxc2 26. Qxc2 Bxc2+ 27.
Rxc2 b3 28. axb3 Qxb3 29. Nc5 Qb5 30. Ne4 f5 31. Rg1+ Kf8 32. Nc3 Qd3 33. Rd1
Qxd1+ 34. Nxd1 Rxd1+ 35. Ka2 Rf1 36. Kb3 Kg7 37. Kc3 Kf6 38. b4 Kg5 39. Ra2 Kf4
40. Kd4 Rb1 41. Kc4 Re1 42. Kc5 Re2 43. Rxa6 Rxf2 44. Ra1 Rb2 45. b5 f2 46. b6
Kg3 47. Kc6 Kxh3 48. b7 Kg2 49. Ra2 Rb1 50. b8=Q Rxb8 {Normal} 0-1

[Event "Rated Blitz game"]
[Site "?"]
[Date "2021.06.18"]
[Round "?"]
[White "ZhuoKoudian"]
[Black "ahoramahora"]
[Result "1-0"]
[WhiteElo "2429"]
[BlackElo "2408"]
[PlyCount "71"]
[EventDate "2021.??.??"]
[EventType "blitz"]

1. e4 e5 2. Nf3 d5 3. d4 dxe4 4. Nxe5 Nd7 5. Nc4 Ngf6 6. Be2 h6 7. Ne3 Bb4+ 8.
c3 Bd6 9. c4 O-O 10. c5 Bf4 11. Nc3 c6 12. Qc2 Qe7 13. g3 Bxe3 14. Bxe3 Re8 15.
h3 Nf8 16. g4 Nd5 17. Nxd5 cxd5 18. O-O-O Bd7 19. h4 b6 20. g5 hxg5 21. Bxg5
Qe6 22. Rdg1 Nh7 23. Be3 Kh8 24. h5 Rac8 25. Kb1 bxc5 26. dxc5 Qe5 27. Rd1 Bf5
28. Ka1 Rb8 29. Bd4 Qe6 30. h6 Nf6 31. hxg7+ Kxg7 32. Rdg1+ Bg6 33. Qd2 Rh8 34.
Rxh8 Rxh8 35. Qf4 Rh5 36. Bxh5 {Normal} 1-0

[Event "Rated Blitz game"]
[Site "?"]
[Date "2021.06.18"]
[Round "?"]
[White "Lantori"]
[Black "Lindel_F4"]
[Result "0-1"]
[WhiteElo "2485"]
[BlackElo "2365"]
[PlyCount "70"]
[EventDate "2021.??.??"]
[EventType "blitz"]

1. e4 e5 2. Nf3 d5 3. exd5 e4 4. Qe2 Nf6 5. d3 Qxd5 6. Nbd2 Be7 7. dxe4 Qh5 8.
Qb5+ Qxb5 9. Bxb5+ c6 10. Bc4 O-O 11. O-O Bg4 12. Re1 Nbd7 13. h3 Bh5 14. e5
Nd5 15. c3 N7b6 16. Bb3 Rad8 17. g4 Bg6 18. Nf1 c5 19. Ng3 c4 20. Bd1 Bc5 21.
Be2 Rfe8 22. Bf1 h6 23. Nh4 Bd3 24. Nhf5 Re6 25. Nd4 Bxd4 26. cxd4 Nb4 27. Be3
Nc2 28. Red1 Nxa1 29. Rxa1 Nd5 30. Bxd3 cxd3 31. Rd1 Nxe3 32. fxe3 g6 33. Ne4
Kg7 34. Rxd3 Rxe5 35. Ra3 Rxe4 {Normal} 0-1

[Event "Rated Blitz tournament JDVmj6zK"]
[Site "?"]
[Date "2021.06.18"]
[Round "?"]
[White "SlaghterAssassin"]
[Black "Arkadium"]
[Result "1-0"]
[WhiteElo "2413"]
[BlackElo "2590"]
[PlyCount "73"]
[EventDate "2021.??.??"]
[EventType "blitz"]

1. e4 e5 2. Nf3 d5 3. exd5 e4 4. Qe2 Nf6 5. Nc3 Be7 6. Nxe4 O-O 7. d3 Nxd5 8.
Qd1 f5 9. Nc3 Be6 10. d4 Nc6 11. Bc4 Kh8 12. Nxd5 Bxd5 13. Bxd5 Qxd5 14. O-O f4
15. h3 Rf6 16. b3 Rg6 17. Kh1 Rf8 18. Re1 b5 19. c4 bxc4 20. bxc4 Qxc4 21. Bd2
Bd6 22. Qb3 Qxb3 23. axb3 a5 24. Rec1 Ne7 25. Rxa5 Kg8 26. Ne5 Bxe5 27. dxe5
Nc6 28. Rd5 f3 29. g4 Re8 30. Rcc5 Ne7 31. Rd7 c6 32. Kh2 Re6 33. Bf4 Ng6 34.
Bg3 Nxe5 35. Bxe5 Rxe5 36. Rxc6 Re1 37. Rcc7 {Normal} 1-0

[Event "Rated Blitz game"]
[Site "?"]
[Date "2021.06.18"]
[Round "?"]
[White "Elgranconejo"]
[Black "ahoramahora"]
[Result "1-0"]
[WhiteElo "2427"]
[BlackElo "2366"]
[PlyCount "113"]
[EventDate "2021.??.??"]
[EventType "blitz"]

1. e4 e5 2. Nf3 d5 3. exd5 e4 4. Nd4 Qxd5 5. Nb3 Qe5 6. Nc3 Nf6 7. Be2 Bd6 8.
Nb5 Be7 9. d4 exd3 10. Qxd3 a6 11. f4 Qxb5 12. c4 Qd7 13. Qg3 O-O 14. O-O Ne4
15. Qe3 Nd6 16. Kh1 Nf5 17. Qf2 Nc6 18. Bd2 Bf6 19. Rad1 Qe7 20. Bf3 Ncd4 21.
Rfe1 Be6 22. Be4 Nxb3 23. axb3 Nd6 24. Bb1 Qd7 25. c5 Nf5 26. Bc3 Qc6 27. Be4
Qb5 28. Bxf6 gxf6 29. Qc2 Bxb3 30. Qc3 Bxd1 31. Qxf6 Bh5 32. Bxf5 Bg6 33. Bg4
Qc6 34. Qg5 Rfe8 35. Rg1 f6 36. Qh6 f5 37. Bf3 Qxc5 38. h4 Qf8 39. Qg5 Qe7 40.
Qg3 Kh8 41. Bxb7 Rab8 42. Bc6 Rg8 43. Re1 Qd6 44. Qc3+ Rg7 45. Bf3 Rbg8 46. g3
h6 47. Kg2 Kh7 48. Kh2 Qe7 49. Rg1 Qf6 50. Qe3 Qf7 51. Rg2 Bh5 52. Bc6 Bg4 53.
Qc5 Qh5 54. Bd5 Bf3 55. Bxg8+ Kh8 56. Rf2 Rxg3 57. Qe5+ {Time forfeit} 1-0

[Event "Rated Blitz game"]
[Site "?"]
[Date "2021.06.18"]
[Round "?"]
[White "ThilinaKK"]
[Black "ahoramahora"]
[Result "1-0"]
[WhiteElo "2458"]
[BlackElo "2401"]
[PlyCount "133"]
[EventDate "2021.??.??"]
[EventType "blitz"]

1. e4 e5 2. Nf3 d5 3. exd5 e4 4. Qe2 Nf6 5. Nc3 Be7 6. Nxe4 O-O 7. Nxf6+ Bxf6
8. d4 Qxd5 9. Be3 Bg4 10. c4 Qh5 11. h3 Nc6 12. O-O-O Rfe8 13. Rg1 Bxf3 14.
Qxf3 Qxf3 15. gxf3 Rad8 16. d5 Ne5 17. Be2 b6 18. Kc2 c6 19. dxc6 Nxc6 20. Rxd8
Rxd8 21. Rd1 Nd4+ 22. Bxd4 Rxd4 23. b3 Rxd1 24. Kxd1 Bd4 25. Ke1 Kf8 26. Bd3 h6
27. Ke2 Ke7 28. f4 Kd6 29. f5 Kc5 30. f4 Kb4 31. Kf3 Kc3 32. Ke4 Bf6 33. Be2
Kb2 34. Bh5 Kxa2 35. Bxf7 Ka3 36. Kd5 Kb4 37. Kc6 Bd4 38. Kb7 a5 39. Ka6 Bc5
40. Kb7 Kxb3 41. Kc6 a4 42. f6 gxf6 43. Bh5 a3 44. Bd1+ Kc3 45. Bf3 a2 46. Bd5
a1=Q 47. Kd7 Qe1 48. f5 Qe7+ 49. Kc6 Qd6+ 50. Kb5 Qd7+ 51. Bc6 Qe7 52. Bd5 Qe5
53. h4 Qxf5 54. Kc6 Qh5 55. Kb5 Qxh4 56. Kc6 Qg5 57. Be6 f5 58. Kd7 f4 59. Bd5
f3 60. Kc6 Qf6+ 61. Kb5 Qf5 62. Ka6 Qf4 63. Kb7 f2 64. Kc6 f1=Q 65. Be6 Q1f2
66. Bd5 Q4d4 67. Kb5 {Time forfeit} 1-0

[Event "Rated Blitz game"]
[Site "?"]
[Date "2021.06.18"]
[Round "?"]
[White "Viageiro"]
[Black "ahoramahora"]
[Result "0-1"]
[WhiteElo "2449"]
[BlackElo "2398"]
[PlyCount "150"]
[EventDate "2021.??.??"]
[EventType "blitz"]

1. e4 e5 2. Nf3 d5 3. Nxe5 Bd6 4. d4 dxe4 5. Nc4 Nf6 6. Be2 h6 7. O-O O-O 8.
Nc3 Bf5 9. Be3 a6 10. Nxd6 Qxd6 11. h3 Rd8 12. Qd2 Nc6 13. Rad1 Bg6 14. a3 Qd7
15. Qc1 Re8 16. b4 Rad8 17. Qb2 Nd5 18. Nxd5 Qxd5 19. c4 Qd7 20. Rd2 Qe7 21.
Rfd1 Rd7 22. b5 axb5 23. cxb5 Na5 24. Qb4 b6 25. Qxe7 Rexe7 26. Rc2 Kf8 27. Bd2
Nb7 28. Bb4 Nd6 29. Rxc7 Rxc7 30. Bxd6 Rc2 31. Bf1 Ke8 32. Bxe7 Kxe7 33. d5 Kd6
34. a4 Rc5 35. Ra1 Kxd5 36. a5 bxa5 37. Rxa5 Kd4 38. Ra4+ Ke5 39. b6 Rc8 40. b7
Rb8 41. Ba6 Bf5 42. Rc4 Kd6 43. Rc8 Bxc8 44. bxc8=Q Rxc8 45. Bxc8 Ke5 46. Kf1
f5 47. Ke2 f4 48. f3 e3 49. Bg4 g5 50. Bc8 Kd5 51. Ba6 Kd4 52. Bd3 Kc3 53. Be4
Kb2 54. Bg6 Kc1 55. g3 Kb2 56. gxf4 gxf4 57. Be4 Kc3 58. Bd3 Kd4 59. Ba6 Ke5
60. Bc8 Kf6 61. Bg4 Kg5 62. Be6 Kh4 63. Bc4 Kg3 64. Be6 Kg2 65. Bg4 Kg3 66. h4
Kxh4 67. Bf5 Kg5 68. Be4 Kh4 69. Bd5 Kg3 70. Be6 h5 71. Bg4 h4 72. Bf5 h3 73.
Bxh3 Kxh3 74. Kd3 Kg3 75. Ke2 Kg2 {Time forfeit} 0-1

[Event "Rated Blitz game"]
[Site "?"]
[Date "2021.06.17"]
[Round "?"]
[White "Klemos"]
[Black "KinzyabulatovRenat"]
[Result "0-1"]
[WhiteElo "2476"]
[BlackElo "2449"]
[PlyCount "62"]
[EventDate "2021.??.??"]
[EventType "blitz"]

1. e4 e5 2. Nf3 d5 3. exd5 e4 4. Qe2 Nf6 5. Nc3 Be7 6. Nxe4 Nxd5 7. Nc3 Nb4 8.
Qd1 Bf5 9. d3 O-O 10. Be2 c5 11. O-O Bf6 12. a3 N4c6 13. Be3 Nd4 14. Nxd4 cxd4
15. Ne4 dxe3 16. Nxf6+ Qxf6 17. fxe3 Qe6 18. e4 Bg6 19. Bf3 Nc6 20. Kh1 Rad8
21. c3 Ne5 22. d4 Nxf3 23. gxf3 f5 24. e5 f4 25. a4 Be8 26. Ra3 Bc6 27. Qb3 Bd5
28. Qb4 b6 29. a5 b5 30. a6 Rb8 31. Raa1 Qg4 {Normal} 0-1

[Event "Rated Blitz game"]
[Site "?"]
[Date "2021.06.17"]
[Round "?"]
[White "Bibekthing"]
[Black "khalid_ontawar"]
[Result "1-0"]
[WhiteElo "2470"]
[BlackElo "2452"]
[PlyCount "77"]
[EventDate "2021.??.??"]
[EventType "blitz"]

1. e4 e5 2. Nf3 d5 3. exd5 e4 4. Qe2 Nf6 5. d3 Bf5 6. dxe4 Bxe4 7. Qb5+ Nbd7 8.
Nc3 Bxf3 9. gxf3 Bd6 10. Be3 O-O 11. O-O-O a6 12. Qc4 b5 13. Qh4 Ne5 14. Be2
Ng6 15. Qd4 Be5 16. Qd2 Qd6 17. Ne4 Nxe4 18. fxe4 Nf4 19. Kb1 Nxe2 20. Qxe2 b4
21. Rdg1 a5 22. Rg4 a4 23. f4 Bxb2 24. Kxb2 b3 25. Bd4 g6 26. Ka1 Rfb8 27. Qc4
b2+ 28. Kb1 Qe7 29. Bc3 a3 30. Qd4 f6 31. h4 c5 32. dxc6 Rd8 33. Qc4+ Kg7 34.
h5 Rd6 35. hxg6 Rad8 36. Rxh7+ Kf8 37. Rf7+ Ke8 38. Rxe7+ Kxe7 39. Qf7# {Normal
} 1-0

[Event "Rated Blitz game"]
[Site "?"]
[Date "2021.06.17"]
[Round "?"]
[White "Taylanruzgar"]
[Black "KinzyabulatovRenat"]
[Result "0-1"]
[WhiteElo "2511"]
[BlackElo "2445"]
[PlyCount "62"]
[EventDate "2021.??.??"]
[EventType "blitz"]

1. e4 e5 2. Nf3 d5 3. d4 dxe4 4. Nxe5 Bd6 5. Nc3 Bxe5 6. dxe5 Qxd1+ 7. Kxd1 Nc6
8. Nxe4 Nxe5 9. Bf4 Bf5 10. Bxe5 f6 11. Bxc7 Bxe4 12. Bb5+ Kf7 13. f3 Bf5 14.
Bc4+ Kg6 15. g4 Bxc2+ 16. Kxc2 Rc8 17. Bd3+ Kf7 18. Kb3 Rxc7 19. Rac1 Rd7 20.
Bc4+ Kg6 21. h4 Ne7 22. Rhe1 Nc6 23. Ka3 Rhd8 24. Be6 Rd3+ 25. b3 Rxf3 26. Bf5+
Kf7 27. Rcd1 Rxd1 28. Rxd1 g6 29. Rd7+ Ke8 30. Be6 Nd8 31. Bd5 Rxb3+ {Normal}
0-1

[Event "Rated Blitz game"]
[Site "?"]
[Date "2021.06.17"]
[Round "?"]
[White "Udar59"]
[Black "oJHuNYuTANGc0"]
[Result "1-0"]
[WhiteElo "2432"]
[BlackElo "2434"]
[PlyCount "61"]
[EventDate "2021.??.??"]
[EventType "blitz"]

1. e4 e5 2. Nf3 d5 3. Nxe5 dxe4 4. d4 Bd6 5. Nc4 Nc6 6. c3 f5 7. f4 Nf6 8. Be2
Be6 9. Be3 Qe7 10. Nbd2 O-O-O 11. Nxd6+ Qxd6 12. O-O Nd5 13. Nc4 Qe7 14. Qd2 h6
15. Ne5 Nxe5 16. fxe5 g5 17. c4 Nxe3 18. Qxe3 Kb8 19. d5 Bc8 20. e6 Qf6 21.
Qxe4 f4 22. b3 b6 23. Bh5 Bb7 24. e7 Rde8 25. Bxe8 Rxe8 26. Rae1 Kc8 27. Qe6+
Qxe6 28. Rxe6 h5 29. Rfe1 Kd7 30. R6e5 g4 31. Rxh5 {Normal} 1-0

[Event "Rated Blitz game"]
[Site "?"]
[Date "2021.06.17"]
[Round "?"]
[White "dbestsmiles"]
[Black "King_bg03"]
[Result "1-0"]
[WhiteElo "2539"]
[BlackElo "2503"]
[PlyCount "55"]
[EventDate "2021.??.??"]
[EventType "blitz"]

1. e4 e5 2. Nf3 d5 3. Nxe5 Bd6 4. d4 dxe4 5. Bc4 Bxe5 6. Qh5 Qe7 7. dxe5 Nc6 8.
Nc3 Be6 9. Bxe6 Qxe6 10. O-O Qxe5 11. Qxe5+ Nxe5 12. Bf4 Nc4 13. Nd5 O-O-O 14.
Nxc7 Nxb2 15. Nb5 Nc4 16. Nxa7+ Kd7 17. Rab1 Nd6 18. Rfd1 Ke7 19. Rb6 Nc8 20.
Rxb7+ Ke8 21. Rxd8+ Kxd8 22. Rxf7 Nf6 23. Rxg7 Nd5 24. Bg5+ Nce7 25. Nc6+ Ke8
26. Nxe7 Nc7 27. Nf5 Ne6 28. Re7+ {Normal} 1-0

[Event "Rated Blitz game"]
[Site "?"]
[Date "2021.06.17"]
[Round "?"]
[White "Mushiron"]
[Black "Oraculodeldia01"]
[Result "1-0"]
[WhiteElo "2349"]
[BlackElo "2416"]
[PlyCount "107"]
[EventDate "2021.??.??"]
[EventType "blitz"]

1. e4 e5 2. Nf3 d5 3. exd5 e4 4. Qe2 Nf6 5. Nc3 Qe7 6. Ng5 Bf5 7. Qb5+ c6 8.
dxc6 Nxc6 9. Qxf5 Nd4 10. Qa5 Nxc2+ 11. Kd1 Nxa1 12. Bb5+ Nd7 13. Re1 f5 14.
Ngxe4 b6 15. Qa4 Kd8 16. Ng3 Qc5 17. Bxd7 Kc7 18. Bxf5 Bd6 19. Qd7+ Kb8 20. Be4
Qc7 21. Qxc7+ Kxc7 22. Nb5+ Kd7 23. Bxa8 Rxa8 24. Nxd6 Kxd6 25. b3 Rc8 26. Ne4+
Kd7 27. Nc3 b5 28. Bb2 b4 29. Bxa1 bxc3 30. Bxc3 g6 31. Re5 Rc6 32. Ra5 a6 33.
Kc2 Ke6 34. Re5+ Kd6 35. d4 Kd7 36. Kd3 Kd6 37. f3 Rb6 38. b4 Rc6 39. a4 Rb6
40. b5 axb5 41. axb5 Kd7 42. Bb4 h5 43. Kc4 Rb7 44. Re7+ Kc8 45. Rxb7 Kxb7 46.
Kc5 Kc7 47. d5 Kd7 48. b6 Kc8 49. Kc6 Kb8 50. d6 Kc8 51. d7+ Kd8 52. Kd6 g5 53.
Bc3 g4 54. Bf6# {Normal} 1-0

[Event "Rated Blitz game"]
[Site "?"]
[Date "2021.06.17"]
[Round "?"]
[White "Mohsen_Vaghar_2008"]
[Black "ahoramahora"]
[Result "0-1"]
[WhiteElo "2534"]
[BlackElo "2381"]
[PlyCount "62"]
[EventDate "2021.??.??"]
[EventType "blitz"]

1. e4 e5 2. Nf3 d5 3. exd5 e4 4. Qe2 Nf6 5. Nc3 Be7 6. Nxe4 O-O 7. Nxf6+ Bxf6
8. Qd1 Re8+ 9. Be2 Qe7 10. d4 Bg4 11. Be3 c6 12. dxc6 Nxc6 13. c3 Rad8 14. O-O
a6 15. h3 Bh5 16. Re1 b5 17. Qb3 Na5 18. Qc2 Nc4 19. Bd2 Qc7 20. Bxc4 Qxc4 21.
Ne5 Bxe5 22. Rxe5 Rxe5 23. dxe5 Qe2 24. Qf5 Bg6 25. Qg5 Rxd2 26. Rf1 h6 27. Qg4
Qxe5 28. Qc8+ Kh7 29. Qxa6 Rxb2 30. a4 Bd3 31. Ra1 Qc5 {Normal} 0-1

[Event "Rated Blitz game"]
[Site "?"]
[Date "2021.06.17"]
[Round "?"]
[White "Nikkkita"]
[Black "Razario90"]
[Result "0-1"]
[WhiteElo "2403"]
[BlackElo "2404"]
[PlyCount "96"]
[EventDate "2021.??.??"]
[EventType "blitz"]

1. e4 e5 2. Nf3 d5 3. exd5 e4 4. Qe2 Nf6 5. Nc3 Be7 6. Nxe4 O-O 7. d4 Nxe4 8.
Qxe4 Re8 9. Ne5 f6 10. Bd3 g6 11. Bh6 fxe5 12. dxe5 Bf5 13. Qc4 Bxd3 14. cxd3
Bf8 15. Bxf8 Rxe5+ 16. Kf1 Qxf8 17. d6+ Qf7 18. dxc7 Nc6 19. Qb3 Qxb3 20. axb3
Rc8 21. g3 Rxc7 22. Kg2 Re2 23. Rhe1 Rxb2 24. Re8+ Kf7 25. Rae1 Rxb3 26. Rh8
Kg7 27. Ree8 Ne7 28. g4 Rxd3 29. g5 Rd4 30. Kg3 a5 31. h4 Nf5+ 32. Kh3 Rxh4+
33. Kg2 Ne7 34. Ra8 Rg4+ 35. Kh3 Rxg5 36. f4 Rf5 37. Kg4 h5+ 38. Kf3 Rc3+ 39.
Ke4 Rc4+ 40. Kd3 Rcxf4 41. Ra7 Rb4 42. Kc3 Rf3+ 43. Kc2 h4 44. Re8 Kf7 45. Rh8
Rg4 46. Rh7+ Kf6 47. Rxe7 Kxe7 48. Rxb7+ Kd6 {Normal} 0-1

[Event "Rated Blitz game"]
[Site "?"]
[Date "2021.06.17"]
[Round "?"]
[White "ELGRANCACHA"]
[Black "jflup"]
[Result "0-1"]
[WhiteElo "2365"]
[BlackElo "2480"]
[PlyCount "34"]
[EventDate "2021.??.??"]
[EventType "blitz"]

1. e4 e5 2. Nf3 d5 3. Nxe5 Bd6 4. d4 dxe4 5. Bc4 Bxe5 6. dxe5 Qxd1+ 7. Kxd1 Nc6
8. Re1 Bf5 9. Bf4 Nge7 10. Nc3 Ng6 11. Bg3 Ncxe5 12. Bd5 O-O-O 13. Kc1 Rhe8 14.
b3 c6 15. Bxe4 Bxe4 16. Nxe4 f5 17. Ng5 Nd3+ {Normal} 0-1

[Event "Rated Blitz game"]
[Site "?"]
[Date "2021.06.17"]
[Round "?"]
[White "MattRaiser"]
[Black "MassterOfMorra"]
[Result "0-1"]
[WhiteElo "2464"]
[BlackElo "2616"]
[PlyCount "84"]
[EventDate "2021.??.??"]
[EventType "blitz"]

1. e4 e5 2. Nf3 d5 3. exd5 e4 4. Qe2 Nf6 5. d3 Qxd5 6. Nc3 Bb4 7. Nd2 Qe6 8.
Ncxe4 O-O 9. c3 Be7 10. g3 Nc6 11. Bg2 Nd5 12. h4 Nb6 13. Nf3 a5 14. Bg5 Re8
15. Be3 a4 16. O-O a3 17. b3 Nd5 18. Rac1 b5 19. Rfe1 b4 20. c4 Nc3 21. Nxc3
bxc3 22. d4 Qf5 23. Bg5 Bd7 24. Bxe7 Rxe7 25. Qd1 Rxe1+ 26. Qxe1 c2 27. Qd2 Re8
28. Qxc2 Qxc2 29. Rxc2 Nb4 30. Rd2 Bf5 31. Ne5 f6 32. Nc6 Re1+ 33. Kh2 Nxc6 34.
Bxc6 h5 35. b4 Rb1 36. Bd5+ Kf8 37. f3 Rb2 38. Rg2 Bb1 39. c5 Rxb4 40. Rd2 Rb2
41. Rg2 Ke7 42. Bb3 Rxb3 {Normal} 0-1

[Event "Rated Blitz game"]
[Site "?"]
[Date "2021.06.17"]
[Round "?"]
[White "yykaakoo"]
[Black "MassterOfMorra"]
[Result "0-1"]
[WhiteElo "2530"]
[BlackElo "2619"]
[PlyCount "76"]
[EventDate "2021.??.??"]
[EventType "blitz"]

1. e4 e5 2. Nf3 d5 3. Nxe5 Bd6 4. d4 dxe4 5. Bc4 Bxe5 6. dxe5 Qxd1+ 7. Kxd1 Nc6
8. Bf4 Nge7 9. Re1 Bf5 10. Bb5 O-O-O+ 11. Kc1 Nd4 12. Na3 Ng6 13. Bg3 a6 14.
Bc4 Rhf8 15. h4 b5 16. h5 Ne7 17. c3 bxc4 18. cxd4 Rxd4 19. Nc2 Rd7 20. Ne3 Be6
21. Kc2 Nc6 22. Rac1 Nb4+ 23. Kb1 Nd3 24. Kc2 Nxe1+ 25. Rxe1 Rfd8 26. Re2 Rd3
27. Bf4 h6 28. Bg3 c3 29. bxc3 Bxa2 30. Nf5 Bc4 31. Ne7+ Kb7 32. Nf5 Rxg3 33.
Rxe4 Bd3+ 34. Kb3 Bxe4 35. Nxg3 Bxg2 36. Nf5 Bd5+ 37. c4 Be6 38. Nxg7 Rg8 {
Normal} 0-1

[Event "Rated Blitz game"]
[Site "?"]
[Date "2021.06.17"]
[Round "?"]
[White "nimamideje"]
[Black "King_bg03"]
[Result "0-1"]
[WhiteElo "2631"]
[BlackElo "2502"]
[PlyCount "58"]
[EventDate "2021.??.??"]
[EventType "blitz"]

1. e4 e5 2. Nf3 d5 3. exd5 e4 4. Nd4 Nf6 5. c4 Ng4 6. Qe2 Be7 7. h3 Nf6 8. g4
O-O 9. Bg2 c6 10. Nc3 cxd5 11. cxd5 Bc5 12. Nb3 Bb6 13. O-O Re8 14. d3 exd3 15.
Qxd3 Nbd7 16. Bf4 Ne5 17. Qg3 Ng6 18. Bd6 h5 19. g5 h4 20. Qh2 Nh5 21. Rfe1
Rxe1+ 22. Rxe1 Qxg5 23. Ne4 Qd8 24. Bf3 Nf6 25. Bb4 Bf5 26. Qd6 Nxe4 27. Bxe4
Qg5+ 28. Kh2 Bxf2 29. Bxf5 Bg3+ {Normal} 0-1

[Event "Rated Blitz game"]
[Site "?"]
[Date "2021.06.17"]
[Round "?"]
[White "herichess5"]
[Black "PerunBarglowski"]
[Result "0-1"]
[WhiteElo "2531"]
[BlackElo "2512"]
[PlyCount "126"]
[EventDate "2021.??.??"]
[EventType "blitz"]

1. e4 e5 2. Nf3 d5 3. exd5 e4 4. Qe2 Nf6 5. Nc3 Be7 6. Nxe4 O-O 7. Nxf6+ Bxf6
8. d4 Re8 9. Be3 Qxd5 10. Qc4 Be6 11. Qxd5 Bxd5 12. Be2 Nc6 13. c3 Ne7 14. O-O
Nf5 15. c4 Nxe3 16. fxe3 Rxe3 17. Kf2 Rxe2+ 18. Kxe2 Bxc4+ 19. Kf2 Bxf1 20.
Rxf1 c6 21. Rd1 Rd8 22. Rd3 g6 23. g4 Rd5 24. Rb3 Bxd4+ 25. Nxd4 Rxd4 26. Rxb7
Rxg4 27. Rxa7 Rc4 28. b3 Rc2+ 29. Kg3 h5 30. h4 Kg7 31. a4 Rc3+ 32. Kf4 Rxb3
33. a5 Rb4+ 34. Kg3 Rg4+ 35. Kh3 Ra4 36. a6 c5 37. Ra8 c4 38. a7 c3 39. Rc8
Rxa7 40. Rxc3 Ra4 41. Rf3 f6 42. Rb3 g5 43. hxg5 fxg5 44. Rb6 Rf4 45. Kg3 Rf6
46. Rb8 Kg6 47. Rg8+ Kf5 48. Rb8 Rf7 49. Rb5+ Kg6 50. Rb6+ Rf6 51. Rb5 h4+ 52.
Kg4 Rf4+ 53. Kh3 Rf3+ 54. Kg2 Rg3+ 55. Kh2 Kh5 56. Ra5 Rb3 57. Ra4 h3 58. Rc4
g4 59. Rc2 Kh4 60. Rc1 g3+ 61. Kh1 Rb4 62. Kg1 h2+ 63. Kh1 Kh3 {Normal} 0-1

[Event "Rated Blitz game"]
[Site "?"]
[Date "2021.06.17"]
[Round "?"]
[White "PateaQlos"]
[Black "ahoramahora"]
[Result "1-0"]
[WhiteElo "2579"]
[BlackElo "2414"]
[PlyCount "81"]
[EventDate "2021.??.??"]
[EventType "blitz"]

1. e4 e5 2. Nf3 d5 3. Nxe5 Bd6 4. d4 dxe4 5. Qh5 Qe7 6. Bc4 Bxe5 7. Qxe5 Nc6 8.
Qxg7 Qf6 9. Qxf6 Nxf6 10. c3 Bg4 11. Bf4 O-O-O 12. Bxf7 Rhf8 13. Bb3 e3 14.
fxe3 Ne4 15. Nd2 Nxd2 16. Kxd2 Na5 17. Rhf1 Nxb3+ 18. axb3 a6 19. e4 c6 20. h3
Bh5 21. Bh6 Rfe8 22. e5 Bg6 23. Ke3 c5 24. Rad1 cxd4+ 25. cxd4 Rd5 26. Rc1+ Kb8
27. Rf8 Rxf8 28. Bxf8 Rb5 29. b4 a5 30. Bd6+ Ka7 31. g4 axb4 32. h4 b3 33. Rc5
Ka6 34. Rxb5 Kxb5 35. h5 Bc2 36. e6 Kc6 37. Bb4 Bd1 38. d5+ Kc7 39. d6+ Kc6 40.
d7 Kc7 41. Be7 {Normal} 1-0